000 00360nam a2200121Ia 4500
008 250110s9999 xx 000 0 und d
041 _aeng
100 _aPuntambekar Pranoti
_9182589
245 _aVaastu Vishwa : A Gallery For Architectural Exhibitions
260 _bFinal Year B. Arch, BNCA
_c2014
300 _a72p
700 _aGuide Name:Verma Aarti
_9210264
999 _c363456
_d363456